00700nam a2200217Ia 450000500170000000800410001704000190005804100120007708200130008910000180010224500790012025000130019926000320021230000190024465000180026365100580028185000110033994200070035099900150035795201100037220220913100817.0131103s9999 xx 000 0 und d aLoreto College aEnglish a803bCUD aCuddon, J. A. 4aThe Penguin dictionary of literary terms and literary theorycJ.A. Cuddon a3rd. ed. aLondonbPenguin Booksc1992 axuiii,1051 p.  aLiterature -  aDictionaries- Literary Terms and - Literary Theory -  aLCLIB  cBK c568d51047 00102ddc4070aMAINbMAINd2013-11-04l5o803 CUD 40570pB576r2017-03-06s2017-03-06w2013-11-04yBKf